000 00778nam a2200205 4500
999 _c3862
_d3862
001 4653
005 20190805161952.0
008 190805b ||||| |||| 00| 0 eng d
020 0 0 _a9789993693116
090 0 0 _a244.3 T197n 2013
100 _aTashi, Phuntsho.
245 0 0 _aཉི༌མ༌ཤར༌གྱི༌ཕྱོགས༌ལས། ཤར༌བའི༌སྐར༌མ༌རྣམ༌གསུམ།
_cPhuntsho Tashi.
260 0 0 _aThimphu :
_bTshokey Dorji Foundation,
_c2013.
300 0 0 _a505. : col. ill.
500 _aNamthar Biogrpahy of Lama Karpo Tshewang, Peljor and Bartsham, Lama Pema Wangchen.
500 0 0 _aIn Dzongkha.
650 0 0 _aBrug-pa lamas --Bhutan --Biography.
650 0 0 _aBrug-pa lamas --China --Tibet --Biography.
942 _2ddc
_cDZONGKHA